Galicia / (Record no. 160414)
[ view plain ]
| 000 -LEADER | |
|---|---|
| campo de control de longitud fija | 01201nam a22002655i 4500 |
| 001 - NÚMERO DE CONTROL | |
| campo de control | 160414 |
| 003 - IDENTIFICADOR DE NÚMERO DE CONTROL | |
| campo de control | ES-MaACL |
| 005 - FECHA Y HORA DE LA ÚLTIMA TRANSACCIÓN | |
| campo de control | 20250915201239.0 |
| 008 - DATOS DE LONGITUD FIJA--INFORMACIÓN GENERAL | |
| campo de control de longitud fija | 940301s1888 sp af |||| | spa d |
| 040 ## - FUENTE DE CATALOGACIÓN | |
| Centro catalogador/agencia de origen | AS |
| Lengua de catalogación | spa |
| 100 1# - ENTRADA PRINCIPAL--NOMBRE DE PERSONA | |
| Nombre de persona | Murguía, Manuel. |
| 9 (RLIN) | 84577 |
| 245 10 - MENCIÓN DEL TÍTULO | |
| Título | Galicia / |
| Mención de responsabilidad, etc. | por Manuel Murguía ; fotograbados de Thomas ; dibujos de Passos y Delgado ; cromos de Xumetra. |
| 260 ## - PUBLICACIÓN, DISTRIBUCIÓN, ETC. | |
| Lugar de publicación, distribución, etc. | Barcelona : |
| Nombre del editor, distribuidor, etc. | Establecimiento tipográfico-editorial de Daniel Cortezo y Cia, |
| Fecha de publicación, distribución, etc. | 1888. |
| 300 ## - DESCRIPCIÓN FÍSICA | |
| Extensión | 1196 p., [7] h. de lám. : |
| Otras características físicas | il. ; |
| Dimensiones | 25 cm. |
| 490 1# - MENCIÓN DE SERIE | |
| Mención de serie | España, sus monumentos y artes, su naturaleza e historia |
| 599 ## - NOTA A LAS ILUSTRACIONES | |
| NOTA A LAS ILUSTRACIONES | Las h. de grab. son de Santiago, catedral de Tuy, catedral de Orense, puente de Orense, castillo de Navafrío, retrato de campesino y campesina. |
| 651 04 - PUNTO DE ACCESO ADICIONAL DE MATERIA--NOMBRE GEOGRÁFICO | |
| Nombre geográfico | Galicia- |
| Subdivisión general | Descripción. |
| 9 (RLIN) | 8726 |
| 700 1# - ENTRADA AGREGADA--NOMBRE PERSONAL | |
| Nombre de persona | Thomas, Josep, |
| Fechas asociadas al nombre | 1853-1910 |
| 9 (RLIN) | 133224 |
| 700 1# - ENTRADA AGREGADA--NOMBRE PERSONAL | |
| Nombre de persona | Passos, José, |
| Fechas asociadas al nombre | 1862-1928 |
| 9 (RLIN) | 130884 |
| 700 1# - ENTRADA AGREGADA--NOMBRE PERSONAL | |
| Nombre de persona | Obiols Delgado, Manuel, |
| Fechas asociadas al nombre | ca. 1860-1911 |
| 9 (RLIN) | 130582 |
| 700 0# - ENTRADA AGREGADA--NOMBRE PERSONAL | |
| Nombre de persona | Xumetra, F. |
| 9 (RLIN) | 117524 |
| 830 0# - PUNTO DE ACCESO ADICIONAL DE SERIE-TÍTULO UNIFORME | |
| Título uniforme | España, sus monumentos y artes, su naturaleza e historia |
| 9 (RLIN) | 188068 |
| 852 ## - LOCALIZACIÓN | |
| Ubicación | ES-MaACL |
| Número de control de estantería | C-2046 |
| Nota libre | -- Enc. ed. en tela cromolit. |
| Estatus retirado | Estado de pérdida | Estado de daño | No para préstamo | Colección | Biblioteca de origen | Biblioteca actual | Ubicación en estantería | Fecha de adquisición | Fuente de adquisición | Total de préstamos | Signatura topográfica completa | Código de barras | Visto por última vez | Precio de reemplazo | Tipo de ítem Koha |
|---|---|---|---|---|---|---|---|---|---|---|---|---|---|---|---|
| Libros del s. XIX | Biblioteca del Ateneo de Madrid | Biblioteca del Ateneo de Madrid | Sala Palomar | 17/01/2008 | C-2046 | 1167966 | 23/02/2023 | 23/02/2023 | Libro impreso antiguo |
